000 01254nam a2200265Ia 4500
999 _c53431
_d53431
001 20474
003 GE_BSU
005 20201209225108.0
008 181216s1967||||ge |||||||||||||| ||geo||
040 _cGE_BSU
041 _ageo
080 _a811.353.1'36(075.3) შ-21
100 _aშანიძე, ა.
_99918
245 _aქართული ენის გრამატიკა : ნაწ. 2 : სინტაქსი (მართლწერის საკითხებითურთ) :
_bმე-7-8 კლასები /
_cა. შანიძე, ლ. კვაჭაძე ; რედ. ე. გელაშვილი.
250 _aმე-4 გამოცემა
264 _aთბილისი :
_bგანათლება,
_c1967.
300 _a135 გვ. ;
_c22 სმ.
541 _h32 თ.
653 _a სინტაქსი (მართლწერის საკითხებითურთ)
653 _aქართული ენა
653 _aქართული ენის გრამატიკა
700 _aკვაჭაძე, ლ.
_eავტორი
_99919
700 _aგელაშვილი, ე.
_eრედაქტორი
_97719
942 _cBK
_2udc